Normal view
MARC view
- Diffie W
Entry Personal Name
001 - CONTROL NUMBER
- control field: 187067
003 - CONTROL NUMBER IDENTIFIER
- control field: OSt
005 - DATE AND TIME OF LATEST TRANSACTION
- control field: 20230714210312.0
008 - FIXED-LENGTH DATA ELEMENTS
- fixed length control field: 230714|| aca||aabn | a|a d
040 ## - CATALOGING SOURCE
- Original cataloging agency: OSt
- Transcribing agency: OSt
100 ## - HEADING--PERSONAL NAME
- Personal name: Diffie W
670 ## - SOURCE DATA FOUND
- Source citation: Work cat.: (OSt)177052: Diffie W., Privacy On The Line, 1998